| 000 | 00666nam a2200229Ia 4500 | ||
|---|---|---|---|
| 999 |
_c45314 _d45314 |
||
| 001 | 12138 | ||
| 003 | GE_BSU | ||
| 005 | 20221118152150.0 | ||
| 008 | 181216s2009en xx |||||||||||||| ||eng|| | ||
| 020 | _a9780199226092x | ||
| 040 | _cGE_BSU | ||
| 041 | _aeng | ||
| 080 | _a327 W-66 | ||
| 100 |
_aWiener, Antje. _910395 |
||
| 245 |
_aEuropean Integration Theory. _cAntje Wiener, Tomas Diez. |
||
| 264 |
_aOxford : _bUniversity Press, _c2009. |
||
| 300 |
_a295 p.: _b25 cm. |
||
| 653 | _aEuropean Integration Theory. | ||
| 653 | _aევროპული ინტეგრაციის თეორია. | ||
| 700 |
_aTomas, Diez _915933 |
||
| 942 |
_cBK _2udc |
||